| 000 | 00752nam a22002297a 4500 | ||
|---|---|---|---|
| 005 | 20160810170225.0 | ||
| 010 | _a1516EN07 ENG-115715 | ||
| 020 |
_a9788131525753 _c1195.00 |
||
| 035 | _aB-610822-840 | ||
| 035 | _aEN-99247 | ||
| 037 |
_bUBH/ven _adpl |
||
| 037 | _bDBAD/PUB | ||
| 082 | _a155.2 | ||
| 100 | _aRyckman, Richard M. | ||
| 245 | 0 | 0 |
_aTheories of personality / _cby Richard M. Ryckman |
| 250 | _b10th ed. | ||
| 260 |
_aDelhi _bCengage Learninig _c2015 |
||
| 270 |
_a418, F.I.E , Patparganj _bDelhi _e110092 |
||
| 300 |
_axix, 524p. _c25cm(pbk) |
||
| 942 |
_2ddc _cEN _h155.2 _mRYC |
||
| 999 |
_c96204 _d96204 |
||